000 00578nam a22001817a 4500
005 20251108170822.0
008 250721s1995 xx 000 0 ara d
082 1 4 _a347.94/مصط
100 1 _aهرجه، مصطفى مجدي
245 1 0 _aاليمين الحاسمة في ضوء الآراء الفقهية و أحكام المحاكم... /
264 1 _aالقاهره :
_bدار محمود للنشر،
_c1995.
300 _a125ص
650 1 7 _aالإثبات
650 1 7 _aالقانون المدني
650 1 7 _aالقضاء
942 _2ddc
_cBK
999 _c49736
_d49736